| 000 -LEADER |
| fixed length control field |
00812nam a22001577a 4500 |
| 003 - CONTROL NUMBER IDENTIFIER |
| control field |
OSt |
| 005 - DATE AND TIME OF LATEST TRANSACTION |
| control field |
20151202160914.0 |
| 008 - FIXED-LENGTH DATA ELEMENTS--GENERAL INFORMATION |
| fixed length control field |
151202b xxu||||| |||| 00| 0 eng d |
| 040 ## - CATALOGING SOURCE |
| Transcribing agency |
RUA |
| 082 ## - DEWEY DECIMAL CLASSIFICATION NUMBER |
| Classification number |
FIS SEA 2003 B175 Or.1 |
| 100 ## - MAIN ENTRY--PERSONAL NAME |
| 9 (RLIN) |
4168 |
| Personal name |
SEAN CHHENGLONG; ស៊ាង ឆេងឡុង. |
| 245 ## - TITLE STATEMENT |
| Title |
Effective management and use of community-based fishery resource in kang meas district, kampong cham province, ប្រសិទ្ធិភាពនៃការចូលរួមគ្រប់គ្រង និងប្រើប្រាស់ធនធានជលសាលតាមបែបសហគមន៍នេសាទ នៅស្រុកកងមាស ខេត្តកំពង់ចាម. |
| 260 ## - PUBLICATION, DISTRIBUTION, ETC. (IMPRINT) |
| Place of publication, distribution, etc. |
Phnom Penh |
| Name of publisher, distributor, etc. |
RUA |
| Date of publication, distribution, etc. |
2003 |
| 300 ## - PHYSICAL DESCRIPTION |
| Extent |
xi; 42p. |
| Other physical details |
ill. |
| Dimensions |
29cm. |
| 942 ## - ADDED ENTRY ELEMENTS (KOHA) |
| Source of classification or shelving scheme |
|
| Koha item type |
FIS |